000 00459cam a2200193ua 4500
001 6984
008 141118n ii |||gr||||Z||||||eng
020 _a8171699707
040 _cMAIN
041 _aeng
082 _a320
100 _aChaturvedi, Archana,
_eAuthor.
245 1 _aPolitical theory
_cby Archana Chaturvedi
250 _a1st.
260 _aNew Delhi:
_bCommonwealth,
_c2009.
300 _av,362p.
653 _aPolitical thought
942 _cBK
999 _c6125
_d6125